Catálogo
 En Linea

De niños hombres y fantasmas / (Registro nro. 32584)

Detalles MARC
000 -CABECERA
campo de control de longitud fija 02377nam a2200325 i 4500
001 - NÚMERO DE CONTROL
campo de control 000033093
003 - IDENTIFICADOR DEL NÚMERO DE CONTROL
campo de control DO-SdBNP
005 - FECHA Y HORA DE LA ÚLTIMA TRANSACCIÓN
campo de control 20250207122312.0
007 - CAMPO FIJO DE DESCRIPCIÓN FÍSICA--INFORMACIÓN GENERAL
campo de control de longitud fija ta
008 - DATOS DE LONGITUD FIJA--INFORMACIÓN GENERAL
campo de control de longitud fija 110817s1981 dr a 000 j spa d
040 ## - FUENTE DE LA CATALOGACIÓN
Centro catalogador/agencia de origen DO-SdBNP
Lengua de catalogación spa
Centro/agencia transcriptor BNPHU
Normas de descripción rda
041 ## - CÓDIGO DE LENGUA
Código de lengua del texto/banda sonora o título independiente spa
082 #4 - NÚMERO DE LA CLASIFICACIÓN DECIMAL DEWEY
Número de clasificación RD863.44
Número de documento/Ítem D542d
Número de edición 22
100 1# - ENTRADA PRINCIPAL--NOMBRE DE PERSONA
Nombre de persona Díaz Grullón, Virgilio,
Fechas asociadas al nombre 1924-2001
Término indicativo de función/relación autor
Código de función/relación aut.
9 (RLIN) 501
245 10 - MENCIÓN DE TÍTULO
Título De niños hombres y fantasmas /
Mención de responsabilidad, etc. Virgilio Díaz Grullón ; ilustración, Gilberto Hernández Ortega.
264 #1 - PRODUCCIÓN, PUBLICACIÓN, DISTRIBUCIÓN, FABRICACIÓN Y COPYRIGHT
Producción, publicación, distribución, fabricación y copyright Santo Domingo :
Nombre del de productor, editor, distribuidor, fabricante [editor no identificado],
Fecha de producción, publicación, distribución, fabricación o copyright 1981.
300 ## - DESCRIPCIÓN FÍSICA
Extensión 381 páginas :
Otras características físicas ilustraciones ;
Dimensiones 21 cm.
336 ## - TIPO DE CONTENIDO
Término de tipo de contenido rdacontent
Código de tipo de contenido texto
Fuente txt
337 ## - TIPO DE MEDIO
Nombre/término del tipo de medio rdamedia
Código del tipo de medio sin mediación
Fuente n
338 ## - TIPO DE SOPORTE
Nombre/término del tipo de soporte rdacarrier
Código del tipo de soporte volumen
Fuente nc
490 0# - MENCIÓN DE SERIE
Mención de serie Montesinos ;
Designación de volumen o secuencia 2
505 0# - NOTA DE CONTENIDO CON FORMATO
Información miscelánea Presentación a la primera edición --
Título A manera de prólogo --
-- De niños--
-- El pozo sin fondo --
-- Su amigo Arcadio --
-- Pesadilla --
-- El pequeño culpable --
-- La campana rota --
-- El aprendiz de brujo --
-- La enemiga --
-- Matar un ratón --
-- Punto de vista -
-- Matum --
Información miscelánea Hombres --
Título Caín --
-- Jornada completa --
-- Edipo --
-- La puntualidad del señor Martínez --
-- Propiedad privada --
-- La rebelión --
-- Vecindad --
-- Fiebre --
-- El corcho sobre el río --
-- Dos pesos para Cirilo --
-- Un epitafio para don Justo --
-- A través del muro --
-- Crónica policial --
-- Pas de deux --
-- Estampa folklórica --
-- Legaslismo --
-- El sedicioso --
-- El uno y el otro --
-- Biografía de un suicidia --
-- La única verídica versión de la muerte de Jhonny Watson relatada por él mismo --
-- Catatónico --
Información miscelánea Y fastamas --
Título Círculo --
-- Su amigo Arcadio --
-- La resignada inmortalidad de don Cástulo --
-- La resignada inmortalidad de Don Cástulo --
-- Más allá del espejo --
-- Doble personalidad --
-- Ícaro --
-- El diario inconcluso --
-- Vertiginoso tiempo --
-- La verdadera pesadilla --
-- La mutación --
-- Viaje al microcosmo --
-- La trampa --
-- El cuento sin título --
-- Falso embarazo --
-- La pareja --
-- La broma póstuma --
-- La invasión --
-- El maleficio --
Información miscelánea Los algarrobos también sueñan --
Título Los algarrobos también sueñan.
590 ## - NOTA LOCAL (RLIN)
Nota local Inventariado, 2020 /LP
650 #4 - PUNTO DE ACCESO ADICIONAL DE MATERIA--TÉRMINO DE MATERIA
Término de materia o nombre geográfico como elemento de entrada Cuentos dominicanos
9 (RLIN) 176
650 #4 - PUNTO DE ACCESO ADICIONAL DE MATERIA--TÉRMINO DE MATERIA
Término de materia o nombre geográfico como elemento de entrada Literatura dominicana.
9 (RLIN) 67
700 1# - PUNTO DE ACCESO ADICIONAL--NOMBRE DE PERSONA
Nombre de persona Hernández Ortega, Gilberto,
Término indicativo de función/relación ilustraciones
Código de función/relación il.
9 (RLIN) 11311
830 #0 - PUNTO DE ACCESO ADICIONAL DE SERIE-TÍTULO UNIFORME
Título uniforme Montesinos
Designación de volumen o secuencia 2
9 (RLIN) 22896
910 ## - DATOS DE OPCIÓN DEL USUARIO (OCLC)
Datos de opción del usuario Validado. Control de calidad BNPHU
942 ## - ELEMENTOS DE PUNTO DE ACCESO ADICIONAL (KOHA)
Fuente del sistema de clasificación o colocación Dewey Decimal Classification
Tipo de ítem Koha Libro
Existencias
Estado de retiro Estado de pérdida Fuente del sistema de clasificación o colocación Restricciones de uso No para préstamo Código de colección Localización permanente Ubicación/localización actual Ubicación en estantería Fecha de adquisición Total de préstamos Signatura topográfica completa Código de barras Fecha visto por última vez Precio válido a partir de Tipo de ítem Koha Nota pública Número de copia Fuente de adquisición
    Dewey Decimal Classification Excluido de préstamo   Patrimonio Dominicano Biblioteca Nacional Pedro Henríquez Ureña Biblioteca Nacional Pedro Henríquez Ureña Depósito 17.08.2011   BNPHU PD RD863.44 D542d 33093-10 25.06.2020 25.06.2020 Libro Perteneció a la biblioteca personal de Germán Emilio Ornes.    
    Dewey Decimal Classification Excluido de préstamo   Patrimonio Dominicano Biblioteca Nacional Pedro Henríquez Ureña Biblioteca Nacional Pedro Henríquez Ureña Depósito 23.08.2011   BNPHU PD RD863.44 D542d 33093-20 25.06.2020 25.06.2020 Libro   e. 2  
    Dewey Decimal Classification Préstamo en sala   Dominicana de Servicio Biblioteca Nacional Pedro Henríquez Ureña Biblioteca Nacional Pedro Henríquez Ureña Depósito 06.02.2025   BNPHU DS RD863.44 D542d 2025-0802 06.02.2025 06.02.2025 Libro Pertenecio a la biblioteca personal de René Rodríguez Soriano e.3 Donado por la Presidencia de la República Dominicana 2023

Con tecnología Koha